[Event "DSOL 2022"]
[Site "Germany"]
[Date "2022.04.01"]
[Round "6.4"]
[White "Nagel, Bernhard"]
[Black "Hasic, Mirza"]
[Result "1/2-1/2"]
[WhiteElo "1662"]
[BlackElo "1620"]
[Annotator "TA"]
[PlyCount "80"]
[EventDate "2022.01.31"]
[EventType "team-tourn"]
[EventCountry "GER"]
[SourceTitle "playchess.com"]
[Source "ChessBase"]
[SourceQuality "1"]
[WhiteTeam "Kölner SK Dr Lasker I"]
[BlackTeam "SK Zehlendorf II"]

{[%evp 9,80,26,37,31,27,31,20,8,0,0,6,0,3,4,8,0,1,-7,0,-7,-6,-2,13,0,10,-24,18,0,34,14,22,-9,0,-25,-7,-25,17,-43,-36,-85,-53,-131,-30,-93,0,0,-8,-23,38,-195,-72,-74,-67,-68,-65,-319,-8,-11,-5,-82,-72,-79,-70,-107,-97,-103,-76,-124,0,-101,0,-136,0]} 1. Nf3 d5 2. e3 Nf6 3. b3 Nc6 4. Bb5 Bd7 5. Bb2 a6 6. Bxc6 {A06: Réti Opening: 1 Nf3 d5.} Bxc6 7. Ne5 Bd7 {[#]} 8. Nxd7 $146 {The position is equal.} ({Predecessor:} 8. c4 e6 9. Nc3 Be7 10. O-O O-O 11. f4 Bc8 12. Ne2 Qd6 13. Ng3 Rd8 14. d4 {1-0 (32) Guzman,C (2060)-Casallas Abril,D (1975) Bogota 2014}) 8... Qxd7 9. O-O e6 10. d3 Be7 11. Nd2 {[%cal Bb1d2,Bd2f3,Bf3e5][%mdl 32]} O-O 12. f4 c5 {[%cal Bc7c5,Bc5c4][%mdl 32]} 13. Nf3 b5 14. Ne5 Qc7 15. Qf3 c4 16. Bd4 Bd6 17. Qg3 {[%cal Oe5c4]} Ne8 18. Qh3 f5 19. Nf3 Nf6 20. Ng5 Rae8 21. bxc4 h6 22. Nf3 bxc4 23. Bxf6 (23. Qg3 $11) 23... Rxf6 $15 24. d4 (24. Rab1 $15) 24... Rb8 25. Rab1 {Prevents Rb2.} (25. g4 $15) 25... Rff8 (25... Rxb1 $1 $17 26. Rxb1 Qa5) 26. g4 {[#]} (26. Qh5 $11) 26... fxg4 (26... Rxb1 $1 $17 27. Rxb1 Rb8) 27. Qxg4 $11 {Strongly threatening Rxb8.} Qf7 28. h4 Qf5 (28... h5 $11 29. Qh3 Rxb1 30. Rxb1 Rb8 31. Rxb8+ Bxb8) 29. Qg2 $2 (29. Qxf5 $14 {keeps the upper hand.} exf5 30. h5) 29... Rb5 (29... Qe4 $19 {and Black stays clearly on top.} 30. Qf2 a5) 30. a4 $17 Rxb1 31. Rxb1 Rf6 {aiming for ...Rg6.} 32. Kh2 $2 {[%mdl 8192] [#]} ({Not} 32. Rb7 $2 Rg6 33. Ng5 hxg5 $19) ({Better is} 32. Qf2 $15) 32... Rg6 $2 ({Black should play} 32... Bxf4+ $1 $19 {[%mdl 512]} 33. exf4 Qxf4+ 34. Qg3 Qxf3 35. Rb8+ Kh7 36. Qxf3 Rxf3) 33. Qf2 $11 Rg4 {And now ...g5 would win.} (33... Qf7 {looks sharper.} 34. Kh1 Kh7 35. Rb6 Bxf4 36. exf4 Qxf4 37. Rxa6 Rg3) 34. Rg1 (34. Rb6 $11 {remains equal.} Bxf4+ 35. exf4) 34... Rxg1 35. Kxg1 Be7 $36 {[%mdl 2048] Black has some pressure.} 36. Kh2 Bf6 37. Qg2 Qe4 38. Qf2 (38. Qe2 $142) 38... Qf5 39. Qg2 $1 Qe4 40. Qf2 Qf5 {Weighted Error Value: White=0.41/Black=0.43} (40... Qg6 $17 41. Qg2 Qf5) 1/2-1/2

[Event "DSOL 2022"]
[Site "Germany"]
[Date "2022.04.01"]
[Round "6.4"]
[White "Sattler, Stefan"]
[Black "Riemann, Jonas"]
[Result "1-0"]
[WhiteElo "1660"]
[BlackElo "1463"]
[Annotator "TA"]
[PlyCount "69"]
[EventDate "2022.01.31"]
[EventType "team-tourn"]
[EventCountry "GER"]
[SourceTitle "playchess.com"]
[Source "ChessBase"]
[SourceQuality "1"]
[WhiteTeam "SK Herzogenaurach I"]
[BlackTeam "SK Bickenbach I"]

{[%evp 12,68,56,69,81,59,137,137,181,154,141,145,147,108,104,116,103,98,97,107,93,103,134,118,185,59,108,59,59,59,83,83,113,43,67,-57,-49,-250,-224,-451,-144,-126,-43,-58,-33,-20,-22,-512,787,777,1139,1110,29995,29996,29996,29997,29997,29998,29999]} 1. e4 d6 2. d4 Nf6 3. Nc3 g6 4. Bf4 Bg7 5. Qd2 O-O 6. Bh6 c6 7. h4 {[%cal Bh2h4,Bh4h5][%mdl 32]} c5 {White must now prevent ...cxd4. B07: Pirc Defence: Miscellaneous Systems.} 8. d5 {[%cal Oh4h5] [#]} e6 $146 (8... Bxh6 $14 9. Qxh6 Ng4) ({Predecessor:} 8... Bxh6 9. Qxh6 Ng4 10. Qd2 h5 11. f3 Nf6 12. Qh6 Nbd7 13. Nh3 Re8 14. Ng5 Nf8 15. O-O-O {1-0 (15) Shchemelev,P (2326)-Bolenkov,V (2162) ICCF email 2018}) 9. h5 $16 e5 {White is clearly better.} 10. Be2 ({Don't take} 10. Bxg7 Kxg7 11. Be2 (11. hxg6 fxg6 12. Qh6+ Kg8 $16) 11... Kg8 $16) 10... Qe7 11. Bxg7 Kxg7 12. hxg6 fxg6 13. Qh6+ Kg8 14. Nh3 Bxh3 (14... Ng4 $2 15. Bxg4 Bxg4 16. Ng5 $18) 15. Rxh3 a6 16. g4 {&Bianco is more active.} Nfd7 17. Nd1 c4 (17... b5 $16) 18. Ne3 (18. Bxc4 $18 {And now f3 would win.} Nc5 19. f3) 18... Nc5 (18... b5 $14 {is more appropriate.}) 19. f3 (19. Nxc4 $16 Nxe4 20. Nb6) 19... b5 $14 20. O-O-O c3 21. b3 Ra7 22. Rg1 (22. Rdh1 $16) 22... Qc7 {[%cal Oc5b3]} 23. Kd1 (23. Kb1 $14) 23... Qa5 24. Nf5 {Inhibits Rg7.} Qxa2 $19 {aiming for ...Qa1+.} 25. Nxd6 $2 (25. Qc1 {was the only defense.}) 25... Nxb3 $2 26. cxb3 $17 {[#]} c2+ ({Weaker is} 26... Rf4 27. Ke1 Qd2+ 28. Kf2 Qd4+ 29. Kg2 Qxg1+ 30. Kxg1) ({Better is} 26... Qa3 $1 $17 {Strongly threatening ...Rf4.} 27. Qc1 Qxd6 28. Qxc3 Rc7) 27. Ke1 $15 {[%cal Od6f5]} Rf4 {Prevents Nf5.} 28. Kf2 Qa3 {Hoping for ...Qc5+.} 29. Ne8 $2 {[%mdl 8192]} (29. b4 $11 Qxb4 30. Rc1 Qxd6 31. Rxc2) 29... c1=Q $4 {[%mdl 8192]} (29... Qc5+ $19 30. Kg2 {[#]} Qxg1+ $3 {[%mdl 512]} 31. Kxg1 c1=Q+ 32. Kg2 Qc2) 30. Rxc1 $18 {Threatens to win with Rc8.} ({Less strong is} 30. Nf6+ Rxf6 31. Rxc1 (31. Qxc1 Qb4 $14) 31... Rf8 $14) 30... Qxc1 {[#]} 31. Nf6+ $1 {[%mdl 576] Pin, Deflection, Double Attack} Kf7 (31... Rxf6 32. Qxc1) 32. Qxh7+ {White mates.} Kxf6 33. g5+ {[%mdl 64] Decoy} Kxg5 34. Rg3+ Kf6 35. Rxg6# {Weighted Error Value: White=0.70/Black=0.58} 1-0

[Event "DSOL 2022"]
[Site "Germany"]
[Date "2022.04.01"]
[Round "6.4"]
[White "Plaumann, Arvin"]
[Black "Aaron Köllner"]
[Result "1-0"]
[WhiteElo "1652"]
[BlackElo "1620"]
[Annotator "COMBH"]
[PlyCount "101"]
[EventDate "2022.01.31"]
[EventType "team-tourn"]
[EventCountry "GER"]
[SourceTitle "playchess.com"]
[Source "ChessBase"]
[SourceQuality "1"]
[WhiteTeam "SF Heidesheim I"]
[BlackTeam "SF Deizisau I"]
[TimeControl "2700+15"]

1. d4 d5 2. Nf3 Nf6 3. g3 e6 4. Bg2 b6 5. O-O Be7 6. c4 O-O 7. Nc3 Bb7 8. Nd2 Nbd7 9. e4 dxe4 10. Ndxe4 Nxe4 11. Nxe4 Qc8 12. Qc2 Nf6 13. Bg5 Bxe4 14. Bxe4 Nxe4 15. Bxe7 Re8 16. Qxe4 Rxe7 17. Rad1 Rd7 18. Rfe1 Qd8 19. Re2 Rc8 20. Red2 c6 21. d5 g6 22. dxe6 Rxd2 23. exf7+ Kf8 24. Qe8+ Qxe8 25. fxe8=Q+ Rxe8 26. Rxd2 Re1+ 27. Kg2 Ke7 28. Kf3 c5 29. Re2+ Rxe2 30. Kxe2 Kf6 31. Ke3 Kf5 32. h3 h6 33. f4 Kf6 34. Ke4 Ke6 35. g4 Kf6 36. h4 Ke6 37. f5+ gxf5+ 38. gxf5+ Kf6 39. a3 Kf7 40. Ke5 Ke7 41. h5 Kf7 42. f6 Kf8 43. Ke6 Ke8 44. f7+ Kf8 45. Kf6 a6 46. a4 b5 47. axb5 axb5 48. cxb5 c4 49. b6 c3 50. b7 cxb2 51. b8=R# 1-0

[Event "DSOL 2022"]
[Site "Germany"]
[Date "2022.04.01"]
[Round "6.4"]
[White "Knott, Karl-Heinz"]
[Black "Gallinnis, Norbert"]
[Result "0-1"]
[WhiteElo "1620"]
[BlackElo "1717"]
[Annotator "TA"]
[PlyCount "100"]
[EventDate "2022.01.31"]
[EventType "team-tourn"]
[EventCountry "GER"]
[SourceTitle "playchess.com"]
[Source "ChessBase"]
[SourceQuality "1"]
[WhiteTeam "SF Essen-Katernberg"]
[BlackTeam "SG Porz I"]

{[%evp 9,100,-5,-4,-6,-22,-19,40,9,85,74,109,103,373,92,139,50,47,45,131,140,144,133,140,138,145,143,138,75,88,36,33,41,35,39,54,56,76,81,76,68,117,100,102,45,46,47,69,66,87,87,189,179,164,54,45,52,73,63,83,8,16,11,30,37,52,15,15,15,15,15,10,11,77,77,78,27,27,8,8,7,8,7,32,0,0,0,28,-3543,-3540,-2360,-2287,-1871,-1048]} 1. e4 c5 2. Nc3 a6 3. f4 b5 4. Nf3 Bb7 5. d3 e6 6. Be2 {B23: Closed Sicilian: Lines without g3.} d5 7. O-O b4 (7... d4 $11 8. Nb1 Nc6) 8. Na4 {White is slightly better.} (8. exd5 $5 bxc3 9. dxe6 fxe6 10. bxc3 $11) 8... Qa5 (8... dxe4 $11 9. dxe4 Qxd1 10. Bxd1 (10. Rxd1 Bxe4 11. Bd3 Nf6 $11) 10... Bxe4) 9. b3 $16 dxe4 10. dxe4 {Black must now prevent f5.} Bxe4 {[%mdl 8192] [#]} (10... Nc6 $16) 11. Ne5 $146 (11. Ng5 $1 $18 {[%cal Rg5e4] and the rest is easy.}) ({Predecessor:} 11. Ng5 Bd5 12. f5 Nh6 13. fxe6 fxe6 14. Bb2 Ra7 15. Bh5+ Ke7 16. Nf7 Rg8 17. Nxh6 gxh6 {1-0 (25) Puschak,O (1952)-Weber,A (1799) Mittelfranken 2016}) 11... Nf6 (11... Qc7 $142) 12. Bb2 (12. Bf3 $1 $16) 12... Be7 $14 13. Nc4 Qd8 ({Black should play} 13... Qc7 $1 $14) 14. Qxd8+ $16 Kxd8 15. Rad1+ $1 Nbd7 16. Bxf6 gxf6 17. Nab6 {Pair of Knights!} Ra7 18. Rd2 (18. Bh5 $142 $1 {[%cal Rh5f7]}) 18... Bc6 19. Na5 ({Better is} 19. Rfd1 $1 $16 {Threatens to win with Na5.} Ke8 20. Nd6+ Kf8 21. Ndc8 Nxb6 22. Nxa7) 19... Kc7 $14 20. Nxc6 Kxc6 21. Nc4 Kc7 22. Rfd1 Rd8 23. Bh5 $36 {[%mdl 2048] White is on the roll.} Nf8 24. Bxf7 Rxd2 (24... Raa8 $14 {is superior.}) 25. Rxd2 $16 a5 26. Be8 (26. Re2 $16) 26... Ra8 $14 27. Ba4 f5 28. g3 Ra6 29. Kf2 Bf6 (29... Ra8 $16 {was called for.}) 30. Bb5 $18 Ra7 31. Rd3 (31. Rd6 $18) 31... Bd4+ $14 32. Kg2 Ra8 33. h3 Ng6 {[#]} 34. Rd1 (34. a4 $1 $16) 34... Rg8 $11 35. Kf3 e5 36. fxe5 Nxe5+ 37. Nxe5 (37. Kf4 $5 {[%cal Rc4e5]} Ng6+ 38. Kxf5 $14) 37... Bxe5 {[%mdl 4096] Endgame KRB-KRB} 38. g4 fxg4+ 39. hxg4 Rf8+ 40. Ke4 Bd4 (40... Bg3 $11 {remains equal.}) 41. Rh1 $16 Rf7 {[#]} 42. Bc4 (42. Bd3 $1 $16) 42... Re7+ $1 $11 43. Kf5 Be3 44. Rd1 h6 45. Be6 Kc6 46. Kf6 Bg5+ 47. Kf5 Ra7 48. Rd8 $2 {[%mdl 8192]} Bxd8 $19 {Black is clearly winning.} 49. Bc4 Kd6 {...Rg7 is the strong threat.} 50. Kg6 Bg5 {Both players deserved the win here.  Weighted Error Value: White=0.41/Black=0.25 (precise)} 0-1

[Event "DSOL 2022"]
[Site "Germany"]
[Date "2022.04.01"]
[Round "6.4"]
[White "Laubsch, Bernd"]
[Black "Lundin, Jan"]
[Result "0-1"]
[WhiteElo "1619"]
[BlackElo "1565"]
[Annotator "TA"]
[PlyCount "136"]
[EventDate "2022.01.31"]
[EventType "team-tourn"]
[EventCountry "GER"]
[SourceTitle "playchess.com"]
[Source "ChessBase"]
[SourceQuality "1"]
[WhiteTeam "Post SV Uelzen"]
[BlackTeam "SF Berlin I"]

{[%evp 11,136,66,55,29,41,32,59,64,64,41,72,32,64,58,48,41,53,-25,29,-1,0,-4,0,-5,-10,-24,16,-17,-22,-26,-14,-20,-15,-17,0,0,0,-14,0,-34,-42,-39,-39,-42,-17,-26,-14,-21,-9,-26,-27,-37,-28,-82,-39,-201,-170,-152,-31,-260,0,0,0,0,0,0,0,0,0,0,0,-72,-65,-66,-63,-210,-195,-210,-199,-258,-233,-290,-293,-330,-339,-330,-287,-319,-312,-290,-478,-456,-566,-349,-277,-731,-177,-997,-972,-865,-624,-1211,-1136,-1162,-944,-5160,-4594,-5422,-2462,-29976,-29977,-29978,-29979,-29980,-29978,-29975,-29978,-29985,-29986,-29986,-29987,-29987,-29988,-29989,-29990,-29990,-29991]} 1. e4 c6 2. d4 d5 3. Nc3 dxe4 4. Nxe4 Nf6 5. Nxf6+ gxf6 6. Nf3 Bg4 7. Be3 {Recently 7.c3 got a lot of attention. B16: Caro-Kann: Bronstein-Larsen Variation.} Nd7 8. Be2 Nb6 9. O-O {[#] White is slightly better.} Nd5 $146 ({Predecessor:} 9... Rg8 10. c4 e6 11. Qb3 Qc7 12. a4 Nd7 13. Kh1 O-O-O 14. a5 f5 15. d5 Nc5 {½-½ (33) Stachowiak,K (2275)-Kuziola,M (2285) Sielpa 2004}) 10. Bc1 Qc7 11. g3 (11. c4 $5 {[%cal Rc4d5]} Nf4 12. Bxf4 Qxf4 13. Qb3 $14) 11... Rg8 12. c4 Nf4 13. Bxf4 Qxf4 14. Qc1 Bh6 15. Qxf4 Bxf4 16. Kg2 Bc7 17. Rad1 O-O-O {[%cal Be8c8,Bc8c7,Bc7d6][%mdl 32]} 18. Ng1 Bb6 19. d5 cxd5 20. cxd5 Kc7 21. Bf3 Kd6 22. Ne2 Bd7 23. Nc3 f5 $1 {Against Ne4+} 24. Bh5 Rg7 25. f4 Rc8 26. Rfe1 Ba5 27. Re3 b5 {[%cal Bb7b5,Bb5b4][%mdl 32]} 28. a3 Bb6 29. Red3 a5 30. Ne2 Rc4 31. Nd4 b4 32. Bf3 (32. Kf3 $11) 32... Rg8 {...Bxd4 is the strong threat.} 33. R1d2 $2 (33. Nc6 $15) 33... Bxd4 $19 34. Rxd4 Rgc8 (34... Rxd4 $17 35. Rxd4 Rc8) 35. axb4 $2 ({White should play} 35. Rxc4 $15 Rxc4 36. Be2) 35... axb4 $2 (35... Rxd4 $1 $19 36. Rxd4 Rc2+ 37. Kf1 a4) 36. Rxc4 $11 Rxc4 $15 {[%mdl 4096] Endgame KRB-KRB} 37. Kf2 Bc8 38. Bh5 f6 39. Bf7 Rc1 40. Ke3 Re1+ 41. Kd3 (41. Kf2 $11 {remains equal.} Rc1 42. Ke3) 41... Ba6+ $17 42. Kc2 Re3 $1 43. b3 {Black continues to play with concentration.} ({White should try} 43. Rd4 $15) 43... Rc3+ $19 44. Kb2 {[#]} Bd3 $1 {Against Rc2} 45. Be6 (45. Bg8 $142) 45... Be4 46. Re2 Rf3 47. Rd2 {[#]} Kc5 {Against Rd4} 48. Bf7 h6 49. Be6 Rf1 50. Ka2 Rg1 $2 (50... h5 51. Bf7 h4) 51. Kb2 Rg2 52. Rxg2 Bxg2 53. Bxf5 $2 (53. d6 Kxd6 54. Bxf5) 53... Kxd5 $2 {KB-KB} (53... Bxd5 54. Kc2 Kd4) 54. Bd7 $2 (54. Kc1) 54... Kd4 {Threatens to win with ...e5.} 55. Kc2 Bd5 56. Bb5 e5 57. fxe5 fxe5 {[%cal Bf6e5,Be5e4,Be4e3][%mdl 32] aiming for ...Ke3.} 58. g4 Be6 59. h3 e4 {And now ...Ke3 would win.} 60. Be2 Ke3 {Black mates.} 61. Bd1 Kf2 62. h4 e3 63. Kd3 {[#]} Bxb3 $1 {[%mdl 512]} 64. Be2 (64. Bxb3 e2) 64... Ba4 65. g5 hxg5 66. hxg5 Bb5+ 67. Ke4 Bxe2 68. g6 Bc4 {Weighted Error Value: White=0.90/Black=0.27 (precise)} 0-1

[Event "DSOL 2022"]
[Site "Germany"]
[Date "2022.04.01"]
[Round "6.4"]
[White "Fahland, Maximilian"]
[Black "Schaefer, Konstantin"]
[Result "1-0"]
[WhiteElo "1590"]
[BlackElo "1747"]
[Annotator "ChessBase"]
[PlyCount "69"]
[EventDate "2022.01.31"]
[EventType "team-tourn"]
[EventCountry "GER"]
[SourceTitle "playchess.com"]
[Source "ChessBase"]
[SourceQuality "1"]
[WhiteTeam "SK Heidenau I"]
[BlackTeam "SG Leipzig"]
[TimeControl "2700+15"]

1. d4 Nf6 2. Nf3 c5 3. c4 g6 4. g3 Bg7 5. Bg2 O-O 6. O-O d6 7. Nc3 Nc6 8. d5 Nb4 9. a3 Na6 10. h3 Nc7 11. e4 e6 12. Re1 exd5 13. exd5 h5 14. Bg5 Bf5 15. Qd2 Qd7 16. Kh2 Rfe8 17. Nh4 a6 18. a4 Rab8 19. Nxf5 Qxf5 20. Bf4 Qd7 21. Rxe8+ Rxe8 22. Re1 Na8 23. b3 Nb6 24. Rxe8+ Nxe8 25. Ne4 Nc8 26. h4 Ne7 27. Bh3 Qc7 28. Qd3 Be5 29. Bxe5 dxe5 30. d6 Qd8 31. d7 Nc7 32. Nxc5 Nc6 33. Nxb7 Qe7 34. d8=Q+ Nxd8 35. Qxd8+ 1-0

[Event "DSOL 2022"]
[Site "Germany"]
[Date "2022.04.04"]
[Round "7.1"]
[White "Leidorf, Sebastian"]
[Black "Kottke, Markus"]
[Result "1/2-1/2"]
[WhiteElo "2012"]
[BlackElo "1689"]
[Annotator "TA"]
[PlyCount "57"]
[EventDate "2022.01.31"]
[EventType "team-tourn"]
[EventCountry "GER"]
[SourceTitle "playchess.com"]
[Source "ChessBase"]
[SourceQuality "1"]
[WhiteTeam "SV Bergwinkel I"]
[BlackTeam "SC Leinfelden I"]

{[%evp 18,57,36,25,27,21,24,23,25,28,22,25,29,9,12,5,16,0,46,54,56,56,56,52,173,189,164,0,0,0,0,0,0,0,0,0,0,0,0,0,0,0]} 1. c4 Nf6 2. g3 g6 3. Bg2 Bg7 4. Nc3 d6 5. e4 O-O 6. Nge2 c5 7. O-O Nc6 8. d3 Ne8 9. Be3 Nd4 10. Qd2 Rb8 {[%cal Ba8b8,Bb8b5,Bb5b4,Bb4d4,Bd4d3][%mdl 32] A36: Symmetrical English vs ...g6: 4 Bg2 Bg7.} 11. Bh6 Nxe2+ 12. Nxe2 b5 {White has an edge.} 13. Bxg7 (13. cxb5 {feels hotter.} Bxh6 14. Qxh6 Rxb5 15. b3) 13... Nxg7 14. cxb5 Rxb5 {[#]} 15. b3 $146 ({Predecessor:} 15. d4 Qa5 16. Qxa5 Rxa5 17. dxc5 Rxc5 18. Rfc1 Ba6 19. Rxc5 dxc5 20. Nc3 Rd8 21. Rd1 Rxd1+ 22. Nxd1 {½-½ (51) Potpara,N (2371)-Djukic,N (2543) Pljevlja 2015}) 15... Ne6 16. f4 {[%cal Bf2f4,Bf4f5][%mdl 32]} Rb4 17. Rac1 Ba6 (17... Nd4 $11) 18. f5 $14 Nd4 19. Nxd4 Rxd4 20. Qh6 $1 Qa5 (20... Bxd3 21. Rf4 g5 22. Qxg5+ Kh8 23. Qh5 $16 (23. Rg4 Rg8 $15)) ({Black should try} 20... gxf5 $1 $14 21. Bh3 (21. Rxf5 f6 $11) (21. exf5 Bxd3 22. Rf4 Rxf4 $11) 21... Bc8) 21. fxg6 $18 hxg6 {[#]} 22. Rf5 $2 Rxd3 {Hoping for ...Qb4. The position is equal.} 23. Rh5 gxh5 24. Qg5+ Kh8 25. Qxh5+ Kg7 26. Qg5+ Kh8 27. Qh5+ Kg7 28. Qg5+ Kh8 29. Qh5+ {Weighted Error Value: White=0.12 (very precise) /Black=0.15 (very precise)} 1/2-1/2

[Event "DSOL 2022"]
[Site "Germany"]
[Date "2022.04.04"]
[Round "7.1"]
[White "Kalabic, Faris"]
[Black "Knuedel, Torben"]
[Result "1-0"]
[WhiteElo "1861"]
[BlackElo "1803"]
[Annotator "NA RC"]
[PlyCount "51"]
[EventDate "2022.01.31"]
[EventType "team-tourn"]
[EventCountry "GER"]
[SourceTitle "playchess.com"]
[Source "ChessBase"]
[SourceQuality "1"]
[WhiteTeam "SK Zehlendorf II"]
[BlackTeam "Post SV Uelzen"]
[TimeControl "2700+15"]

1. d4 Nf6 2. Nf3 d5 3. Bf4 e6 4. Nbd2 Bd6 5. Bg3 b6 6. e3 Bb7 7. Ne5 O-O 8. f4 Nbd7 9. Bd3 Ne4 10. c3 Bxe5 11. fxe5 Qg5 12. Qe2 Nxg3 13. hxg3 Qxg3+ 14. Kd1 f5 15. Rh3 Qg6 16. Nf3 c5 17. Kd2 cxd4 18. cxd4 Rac8 19. Rg1 Qe8 20. g4 g6 21. Qh2 Qe7 22. gxf5 Qb4+ 23. Kd1 Ba6 24. Rxh7 Rxf5 25. Rh8+ Kf7 26. Qh7# 1-0

[Event "DSOL 2022"]
[Site "Germany"]
[Date "2022.04.07"]
[Round "7.1"]
[White "Marcziter, Dmitrii"]
[Black "Plischki, Sebastian"]
[Result "1/2-1/2"]
[WhiteElo "1842"]
[BlackElo "1821"]
[Annotator "NA RC"]
[PlyCount "83"]
[EventDate "2022.01.31"]
[EventType "team-tourn"]
[EventCountry "GER"]
[SourceTitle "playchess.com"]
[Source "ChessBase"]
[SourceQuality "1"]
[WhiteTeam "SG Porz I"]
[BlackTeam "SK Rinteln I"]
[TimeControl "2700+15"]

1. Nf3 Nf6 2. c4 g6 3. b3 Bg7 4. Bb2 O-O 5. g3 d6 6. d4 e5 7. dxe5 dxe5 {now scores much better than the old 7...Ng4.} 8. Qxd8 Rxd8 9. Nxe5 Na6 10. Nd3 Bf5 11. Nc3 Bxd3 12. exd3 Nb4 13. O-O-O Ng4 14. Rd2 Ne5 15. Kb1 Nexd3 16. Bxd3 Rxd3 17. Rxd3 Nxd3 18. Rd1 $1 {[#]} Nxf2 $146 ({Predecessor:} 18... Nxb2 19. Kxb2 Re8 20. Kc2 Bxc3 21. Kxc3 Kf8 22. Rd7 Re7 23. Rd8+ Re8 24. Rxe8+ Kxe8 {½-½ (37) Fier,A (2580)-Ivic,V (2405) Sarajevo 2018}) 19. Rd7 Re8 20. Kc2 Be5 21. Nd5 Bxb2 22. Kxb2 Re2+ 23. Ka3 c5 24. Rxb7 Nd3 25. Nf4 Nxf4 26. gxf4 Rxh2 27. Rxa7 h5 28. b4 cxb4+ 29. Kxb4 h4 30. Ra3 f6 31. c5 Kf7 32. c6 Rc2 33. Kb5 g5 34. fxg5 fxg5 35. Kb6 g4 36. Ra4 $11 g3 37. Rxh4 g2 38. Rg4 Rb2+ 39. Kc7 Rxa2 40. Kd8 Rd2+ 41. Kc7 Ke6 42. Rg8 1/2-1/2

[Event "DSOL 2022"]
[Site "Germany"]
[Date "2022.04.04"]
[Round "7.1"]
[White "Bezold, Michael"]
[Black "Schmidt, Walter"]
[Result "1-0"]
[WhiteElo "1764"]
[BlackElo "1778"]
[Annotator "TA"]
[PlyCount "35"]
[EventDate "2022.01.31"]
[EventType "team-tourn"]
[EventCountry "GER"]
[SourceTitle "playchess.com"]
[Source "ChessBase"]
[SourceQuality "1"]
[WhiteTeam "Bayern München I"]
[BlackTeam "SK Bad Homburg I"]

{[%evp 19,35,34,47,27,65,56,62,62,122,60,115,104,159,156,153,118,344,351]} 1. c4 Nf6 2. Nc3 e6 3. Nf3 b6 4. g3 Bb7 5. Bg2 Be7 6. O-O O-O 7. d4 d5 8. cxd5 exd5 9. Bf4 Na6 10. Rc1 c5 11. Qa4 {Recently 11.Ne5 got a lot of attention. E18: Queen's Indian: Old Main Line (4 g3 Bb7 5 Bg2 Be7 6 0-0 0-0 7 Nc3).} cxd4 12. Nxd4 {[%cal Bf3d4,Bd4b5,Bb5d6][%mdl 32]} Nc5 13. Qc2 {&Bianco is much more active. The black rooks are badly placed. White is slightly better.} Re8 {[#]} ({Black should try} 13... Ne6 $14 14. Nxe6 fxe6) 14. Rfd1 {[#]} (14. Ncb5 $1 $16) 14... Bf8 $146 (14... Rc8 $14) ({Predecessor:} 14... Rc8 15. Bh3 Ncd7 16. Nf5 Bc5 17. Qa4 a6 18. Nd6 Bxd6 19. Bxd6 Nc5 20. Bxc5 Rxc5 {1-0 (65) Howell,D (2687)-Eggleston,D (2397) Hull 2018}) 15. Bg5 $16 Rc8 (15... Ne6 $142 16. Nxe6 fxe6) 16. Ndb5 a6 17. Bxd5 Qe7 {[#]} (17... Qd7 $16 {was necessary.} 18. Na7 (18. Bxb7 Qxb7 19. Nd6 Bxd6 $16) 18... Ra8 19. Bxf6 Rxa7) 18. Nd6 $1 {[%mdl 512] Weighted Error Value: White=0.15 (very precise) /Black=0.53} 1-0

[Event "DSOL 2022"]
[Site "Germany"]
[Date "2022.04.04"]
[Round "7.1"]
[White "Weihrauch, Jakob"]
[Black "Roeder, Matthias"]
[Result "1-0"]
[WhiteElo "1730"]
[BlackElo "1913"]
[Annotator "NA RC"]
[PlyCount "55"]
[EventDate "2022.01.31"]
[EventType "team-tourn"]
[EventCountry "GER"]
[SourceTitle "playchess.com"]
[Source "ChessBase"]
[SourceQuality "1"]
[WhiteTeam "Hamburger SK I"]
[BlackTeam "SF Brand"]
[TimeControl "2700+15"]

1. d4 Nf6 2. Nf3 e6 3. Bf4 c5 4. e3 Qb6 5. Qc1 Nc6 6. c3 Nh5 7. Bg3 d5 8. Nbd2 Bd7 9. Bd3 Rc8 10. Qb1 h6 11. Ne5 Nxg3 12. Nxd7 Kxd7 13. hxg3 cxd4 14. exd4 Bd6 15. O-O Kc7 16. a4 e5 17. a5 Nxa5 18. Qa2 Nc6 19. Qxd5 exd4 20. Nc4 Qc5 21. Qxf7+ Be7 22. b4 Qg5 23. b5 Rhf8 24. Qe6 Qxb5 25. Rfb1 Qc5 26. Na5 Nxa5 27. Rxa5 Qd6 28. Qe4 1-0